Designing strategic cost systems : How to unleash the power of cost information

Designing Strategic Cost Systems covers: How to tell if a new cost system is needed: Discusses the internal and external manifestations of a dysfunctional cost system and how it can affect an organization's performance and competitive position; The attributes of a strategic cost system: Explain...

תיאור מלא

שמור ב:
מידע ביבליוגרפי
מחבר ראשי: Oliver, Lianabel
פורמט: ספר
שפה:Undetermined
יצא לאור: Hoboken, N.J. John Wiley & Sons, Inc. 2004
נושאים:
תגים: הוספת תג
אין תגיות, היה/י הראשונ/ה לתייג את הרשומה!
Thư viện lưu trữ: Trung tâm Học liệu Trường Đại học Cần Thơ
LEADER 01490nam a2200229Ia 4500
001 CTU_136208
008 210402s9999 xx 000 0 und d
020 |c 60.00 
082 |a 658.1552 
082 |b O.48 
100 |a Oliver, Lianabel 
245 0 |a Designing strategic cost systems : 
245 0 |b How to unleash the power of cost information 
245 0 |c Lianabel Oliver 
260 |a Hoboken, N.J. 
260 |b John Wiley & Sons, Inc. 
260 |c 2004 
520 |a Designing Strategic Cost Systems covers: How to tell if a new cost system is needed: Discusses the internal and external manifestations of a dysfunctional cost system and how it can affect an organization's performance and competitive position; The attributes of a strategic cost system: Explains the six major elements that comprise a cost system and how these elements interact to produce reliable and accurate cost information; The redesign process: Describes the different project stages and how to organize the project to increase its probabilities of success; The steps involved in developing the system design: Details the major milestones and tasks that should be accomplished to ensure consistency in the data collection process and minimize wasted time and effort in reworking information. 
650 |a Cost accounting,Cost control,Activity-based costing,Trung tâm Học liệu ĐHCT 
650 |x Kế toán 
904 |i Giang 
980 |a Trung tâm Học liệu Trường Đại học Cần Thơ